Statistics for The 26 Napoleon's marshals

Click here to take the quiz!

General Stats

  • This quiz has been taken 13 times
  • The average score is 12 of 26

Answer Stats

Short biografymarshal% Correct
1763-1844, prince of Pontecorvo. Later, king of Sweden. Commander of I Corps, then joined the Sixth Coalition against NapoleonJean-Baptiste Bernadotte
91%
1769-1809, duke of Montebello, prince of Siewierz. Brave and talented soldier, died after the battle of Aspern-EsslingJean Lannes
82%
1767-1815, grand duke of Berg, king of Naples. Commander of cavalry, was Napoleone's brother-in-lawJoachim Murat
82%
1763-1813, prince of Poland and of the Holy Roman Empire. The only not french marshal, drowned in the Elster river during the retreat of the French army after the battle of LeipzigJózef Antoni Poniatowski
82%
1769-1815, duke of Elchingen, prince of the Moskva. Commander of III Corps (1812-1813), was appointed as "bravest of the brave" from the emperorMichel Ney
82%
1758-1817, duke of Rivoli, prince of Essling. Colonel in the Army of Italy in 1800, commander of the National Guard in 1815André Masséna
64%
1774-1852, duke of Raguse. Governon of Dalmatia, loyal to the Bourbons during the Hundred daysAuguste de Marmont
64%
1766-1847, count of the Empire. The last marshal appointed by Napoleone, in 1815 was in charge of the right wing ordered to pursue the Prussians after the battle of LignyEmmanuel de Grouchy
64%
1769-1851, duke of Dalmatia. Chief of staff in the Waterloo campaign, then served three times as prime ministerJean-de-Dieu Soult
64%
1753-1815, prince of Wagram, sovereign prince of Neuchâtel. Main assistant of Napoleon, died after a fall from a windowLouis-Alexandre Berthier
64%
1770-1823. duke of Auerstadt, prince of Eckmühl. War minister during the war of the Seventh CoalitionLouis-Nicolas Davout
64%
1770-1826, duke of Albuféra. Considered one of the best Napoleon's marshals, got several victories in Spain. Commander of the VII Corps in 1815Louis-Gabriel Suchet
55%
1767-1847, duke of Reggio. Head of grenadiers unit, got several wounds in battle. Beloved by the soldiers, was appointed marshal after the battle of WagramNicolas Oudinot
55%
1735-1820, duke of Valmy. In 1814 voted for the destitution of the emperorFrançois Christophe de Kellermann
45%
1755-1820, duke of Dantzig. Commanded the Bavarian Army in 1809François Joseph Lefebvre
45%
1768-1813, duke of Istria. Commander of cavalry, died in the eve of the battle of LützenJean-Baptiste Bessières
45%
1742-1819, count of the Empire. Inspector general of the troops in 1798, governor of Hôtel des Invalides in 1804Jean-Mathieu Philibert Sérurier
45%
1764-1830, count of the Empire. Appointed in 1812 after the battle of Polotsk, after 1815 served as war ministerLaurent de Gouvion-Saint-Cyr
36%
1754-1818, count of the Empire. Goveror general of the Duchy of Parma and then of the kingdom of NaplesCatherine-Dominique de Pérignon
27%
1768-1835, duke of Treviso. Commander of the Imperial Guard (1812-1813), died in an assassination attempt on king Louis Philippe IÉdouard Mortier
27%
1763-1815, count of the Empire. Commander of the Army of the Var in 1815Guillaume Brune
18%
1754-1842, duke of Conegliano. Commander of a Corp in Spain in 1802, from 1833 governor of the Hôtel des InvalidesBon-Adrien Jeannot de Moncey
9%
1765-1840, duke of Taranto. Governor of Rome and then Versailles, commanded the left wing in the Russian campaignÉtienne MacDonald
9%
1762-1833, appointed count after the Bourbon restoration. Governor of the Hôtel des Invalides from 1830Jean-Baptiste Jourdan
9%
1756-1816, duke of Castiglione. Commander of VII Corps (1803-1811)Pierre Augerau
9%
1764-1841, duke of Belluno. Governor of Berlin, commander of the IX Corps during the Campaign of RussiaClaude Victor-Perrin
0%

Score Distribution

Percentile by Number Answered

Percent of People with Each Score

Your Score History

You have not taken this quiz